000 00358 a2200157 4500
001 48307
020 _a9788516055677
040 _cAnchieta - Bela Vista
100 _aBlundell, Tony
240 1 0 _aCuidado com o menino!
_lpor
245 1 0 _aCuidado com o menino!
300 _a38 p.
362 0 _a2007
650 4 _aLiteratura infanto-juvenil
942 _cBK
999 _c48307
_d48307